00907nam a22002297a 4500003000500000008004100005020001800046040001400064041001300078082003400091100002400125245002700149260007500176300002700251336002700278337003300305338002900338505021800367650002800585650004000613650002400653BPGM260618b2006 mx ||||| |||| 001 0 spa d a970-771-007-1 aBPGMbspa aspahspa0422006aCQ 861M / bV37529/ V36 aVEGA REAL, GABRIEL  aEL VENDEDOR DE POEMAS  aQUERETARO ; bINSTITUTO QUERETANO DE LA CULTURA Y LAS ARTES , c2006 . a59c22.2 cm x 10.3 cm  2rdacontentatextobtxt 2rdamediaasin mediaciónbn 2rdacarrieravolumen bnc aEL VENDEDOR DE POEMAS ES UNA METÁFORA SOBRE LA RESISTENCIA DE LOS SENTIMIENTOS ANTE LA INDIFERENCIA DEL MUNDO INDUSTRIALIZADO, RECORDÁNDONOS QUE SIEMPRE HABRÁ ESPACIO PARA LA POESÍA EN EL CORAZÓN HUMANO. aLITERATURA Y RETÓRICA 2LITERATURAS ESPAÑOLA Y PORTUGUESA aPOESÍA ESPAÑOLA